| 000 | 00911cam a2200229 4500 | ||
|---|---|---|---|
| 001 | ##L132308 | ||
| 008 | 060124n2006 000 0 eng u | ||
| 020 | _a1905590032 | ||
| 035 | _a(Sirsi) u132308 | ||
| 041 | 0 | _aeng | |
| 050 | 0 | 4 | _a657 $2 18 |
| 110 | 2 |
_aInternational Accounting Standards Board _94097 |
|
| 245 | 0 | 0 |
_aED 8 Operating segments _bdraft implementation Guidance |
| 250 | _aJanuary 2006 | ||
| 260 |
_aLondon _bIASB _c2006 |
||
| 300 |
_a11p. _c21cm. |
||
| 490 | 0 |
_aInternational Accounting Standards Board Exposure Draft _vED 8 |
|
| 520 | _aAn implementation guidance that provides examples illustrating the disclosures required by the [draft] IFRS and a diagram for identifying reportable segments. | ||
| 690 | _aMANAGEMENT-BUSINESS MANAGEMENT-FINANCIAL MANAGEMENT-ACCOUNTING-FINANCIAL REPORTING | ||
| 710 | 2 |
_aInternational Accounting Standards Committee Foundation _94618 |
|
| 942 | _n0 | ||
| 999 |
_c105092 _d105092 |
||